[Event "Budapest FS07 GM"]
[Site "Budapest"]
[Date "2003.07.09"]
[Round "5"]
[White "Postny, Evgeny"]
[Black "Gerzhoy, Leonid"]
[Result "1-0"]
[WhiteElo "2499"]
[BlackElo "2410"]
[Annotator "Postny,E"]
[PlyCount "107"]
[EventDate "2003.07.05"]
[EventType "tourn"]
[EventRounds "11"]
[EventCountry "HUN"]
[EventCategory "7"]
[SourceTitle "CBM 095 Extra"]
[Source "ChessBase"]
[SourceDate "2003.09.04"]
[SourceVersion "1"]
[SourceVersionDate "2003.09.04"]
[SourceQuality "1"]

1. Nf3 Nf6 2. c4 e6 3. Nc3 Bb4 4. Qc2 O-O 5. a3 Bxc3 6. Qxc3 b6 7. g3 ({
Other ways of development are:} 7. b4 Bb7 8. Bb2) (7. b3 Bb7 8. Bb2) (7. e3 Bb7
8. Be2) (7. d4 {transposes to Nimzowitsch defense - E32.}) 7... Bb7 8. Bg2 d6
9. O-O Nbd7 10. d3 (10. b4 a5 11. Bb2 axb4 12. axb4 Qe7 13. d3 Rfc8 14. e4 Qf8
15. Nd2 Rxa1 16. Rxa1 Ra8 17. Ra3 e5 18. Bh3 Qe8 19. Nf1 Nf8 20. Rxa8 Qxa8 21.
Qa3 Qxa3 22. Bxa3 Ne6 $11 {1/2-1/2 Psakhis,L-Tunik,G/ISR 2002/EXT 2003 (40)})
10... a5 (10... c5 11. b3 d5 12. e3 Re8 13. Bb2 Rc8 14. cxd5 Bxd5 15. e4 Bc6
16. Nd2 b5 17. d4 cxd4 18. Qxd4 Qc7 19. Rac1 Qb7 20. Rc2 e5 21. Qe3 Qb8 22.
Rfc1 Bb7 {+/=/= 1-0 Malakhov,V-Shaposhnikov,E/Tomsk 2001/CBM 82 ext (64)}) (
10... Re8 11. b4 c5 12. Bb2 a6 13. a4 e5 14. Qd2 cxb4 15. Qxb4 Nc5 16. a5 bxa5
17. Qxa5 Qxa5 18. Rxa5 e4 19. dxe4 Nfxe4 20. Rd1 Rab8 21. Bd4 Bc8 22. Bxc5 dxc5
23. Ra3 {1/2-1/2 Ibragimov,I-Epishin,V/Maikop 1998/CBM 66 (23)}) 11. b3 c5 (
11... Qe7 12. Bb2 Nc5 13. Rae1 d5 14. cxd5 Bxd5 15. e4 Bb7 16. Nd2 Ba6 17. Nc4
a4 18. b4 Nb3 19. Rd1 Bb7 20. Rfe1 b5 21. Nd2 Nxd2 22. Rxd2 $14 {1-0 Cvek,
R-Chloupek,S/CZE 1999/EXT 2001 (105)}) 12. Bb2 (12. e4 a4 13. b4 cxb4 14. Qxb4
Nc5 15. Rd1 Nfd7 16. Ne1 e5 $11 {1/2-1/2 Shchekachev,A-Sorin,M/Metz 2000/CBM
75 ext (46)}) 12... d5 $146 (12... Qe7 13. e4 Rfd8 14. Rae1 Ne8 15. d4 f6 16.
Nh4 Nf8 17. f4 Qf7 18. Nf3 Qc7 19. d5 $16 {0-1 Sammalvuo,T-Tikkanen,K/FIN 1999/
EXT 2001 (100)}) 13. cxd5 exd5 (13... Bxd5 14. b4 $14) 14. d4 Ba6 15. Rfe1 Rc8
16. Qd2 a4 $5 {[%mdl 32] Very interesting and creative pawn sacrifice.} (16...
c4 17. bxc4 Bxc4 18. a4 $14 {[%cal Yb2a3]}) 17. bxa4 Ne4 18. Qf4 c4 {[%csl Gc4]
Black has strong passed pawn, while white's extra pawn is worthless. On the
other hand white can start his play on the black squares.} 19. Bc1 c3 20. Qf5
$1 Ndf6 21. Ne5 Rc7 (21... c2 22. Ra2 Nc3 $2 23. Rxc2 Nxe2+ 24. Rcxe2 Bxe2 25.
Bg5 $16) 22. f3 Bc8 23. Qf4 Nd6 24. g4 ({Possible alternative is} 24. Rb1)
24... Nc4 25. Nd3 Re8 $6 ({Better was} 25... Bd7 {[%csl Ra4] trying to regain
the pawn with a double-edged struggle.}) 26. Rb1 $16 Rce7 27. Bf1 {White is
threatening to capture black's passed pawn with help of Rb3.} Bxg4 $6 {Black
losing his patience. On the other hand it's hard to point a worthy alternative
for him.} 28. fxg4 Re4 29. Qf3 Nxg4 (29... Nd2 30. Bxd2 cxd2 31. Red1 $18) 30.
Nf2 Nxf2 (30... Qh4 31. Qg3 Qxg3+ (31... Nxf2 32. Qxh4 Rxh4 33. Kxf2) 32. hxg3
Rxd4 33. Rb3 $18) 31. Qxf2 R8e6 32. Bg2 Rg6 33. Kh1 Qe7 34. Rb3 Rf6 35. Qg3 {
Threatening 36.Qb8 by the way.} h6 36. Bf3 (36. Bxe4 $2 Qxe4+ 37. Qg2 Qxd4)
36... Nd2 37. Rxc3 Nxf3 38. Rxf3 Rg6 39. Qf2 Reg4 40. Rg3 $6 ({More precise is
} 40. Bf4) 40... Qe4+ 41. Kg1 h5 42. Qf3 Qxd4+ 43. Be3 Qe5 $6 ({After} 43...
Qxa4 {black could provide more stubborn resistance.}) 44. Bf2 Rxg3+ 45. hxg3 h4
46. Kg2 hxg3 47. Bxg3 Qd4 48. Rf1 Rf6 49. Qd3 {Now it's all over. Black's
pieces trapped for the exchange.} Qxd3 50. exd3 Rc6 51. Be5 Rc5 52. Rb1 Rc2+
53. Kf3 Ra2 54. Rb3 1-0

[Event "Cappelle op 32nd"]
[Site "Cappelle la Grande"]
[Date "2016.02.13"]
[Round "1"]
[White "Gharamian, Tigran"]
[Black "Bulmaga, Irina"]
[Result "1/2-1/2"]
[WhiteElo "2643"]
[BlackElo "2395"]
[Annotator "Primel,D"]
[PlyCount "47"]
[EventDate "2016.02.13"]
[EventType "swiss"]
[EventRounds "9"]
[EventCountry "FRA"]
[SourceTitle "EXT 2017"]
[Source "ChessBase"]
[SourceDate "2016.10.25"]
[SourceVersion "1"]
[SourceVersionDate "2016.10.25"]
[SourceQuality "1"]
[TimeControl "40/5400+30:1800+30"]
[WhiteClock "1:30:00"]
[BlackClock "1:30:00"]

1. Nf3 {Début d'un tournoi décevant pour le nordiste} Nf6 2. c4 b6 3. g3 Bb7
4. Bg2 e6 5. O-O Be7 6. Nc3 O-O 7. Re1 d5 8. cxd5 Nxd5 9. Nxd5 exd5 10. d4 Nd7
11. Bf4 (11. b3 Re8 12. Bb2 Bb4 13. Nd2 Nf6 14. a3 Bd6 15. Nc4 Bf8 16. Qc2 Ne4
17. Ne5 f6 18. Nd3 Bd6 19. f3 Ng5 20. Nf2 c5 21. dxc5 Bxc5 22. b4 Be3 23. Qd3
Re7 24. Kh1 Qd6 25. Rad1 Rae8 26. Ne4 Qe6 27. Nc3 d4 28. Nb5 Ba6 29. Bxd4 Bxd4
30. Nxd4 Bxd3 31. Nxe6 Bxe2 32. Rxe2 Nxe6 33. f4 Kf8 34. Bc6 Rc8 35. Ba4 Nc7
36. Rxe7 Kxe7 37. Rd7+ Kf8 38. Bb3 Nb5 39. Rf7+ Ke8 40. Rxg7 Rc1+ {Bu,X (2681)
-Zhao,J (2621) China 2015 1-0}) 11... c5 12. Rc1 Re8 13. Qc2 $146 (13. Rc2 g5
14. Bc1 Bf6 15. dxc5 bxc5 16. Nd2 Qe7 17. Nf1 Rad8 18. Ne3 Nb6 19. Nf5 Qc7 20.
Qd3 Bc8 21. Bh3 Nc4 22. Qf3 Nd6 23. Nh6+ Kg7 24. Bxc8 Qxc8 25. Rd1 Ne4 26. Ng4
Be7 27. b4 Qe6 28. Bb2+ f6 29. bxc5 h5 30. Ne3 Bxc5 31. Bd4 Bxd4 32. Nf5+ Kg6
33. Nxd4 Qd7 34. Rdc1 Rc8 35. Qd3 Kh6 36. Qa6 Rxc2 37. Rxc2 Rb8 38. Qe6 Qxe6
39. Nxe6 Rb6 40. Nd4 Kg6 41. f3 Nd6 42. Rc5 Ra6 {Bewersdorff,O (2343)-Kabir,R 
(2027) Griesheim 2003 1-0 (70)}) 13... c4 14. Nd2 b5 15. e4 Nf8 16. e5 Qb6 17.
Be3 Ne6 18. f4 Bb4 19. a3 Nxd4 20. Qd1 Bxd2 21. Qxd2 Nb3 22. Qf2 d4 23. Bxd4
Nxd4 24. Bxb7 (24. Bxb7 Qxb7 25. Qxd4 Rad8 $132 {[%csl Gc4]}) 1/2-1/2

[Event "POL-chT 66th"]
[Site "Katowice"]
[Date "2010.09.12"]
[Round "9"]
[White "Macieja, Bartlomiej"]
[Black "Baklan, Vladimir"]
[Result "0-1"]
[WhiteElo "2649"]
[BlackElo "2621"]
[Annotator "Primel,D"]
[PlyCount "136"]
[EventDate "2010.09.04"]
[EventType "team-tourn"]
[EventRounds "9"]
[EventCountry "POL"]
[SourceTitle "EXT 2016"]
[Source "ChessBase"]
[SourceDate "2015.10.08"]
[SourceVersion "1"]
[SourceVersionDate "2015.10.08"]
[SourceQuality "1"]
[WhiteTeam "Wroclaw AZS WSB"]
[BlackTeam "Lublin"]
[WhiteTeamCountry "POL"]
[BlackTeamCountry "POL"]

1. Nf3 Nf6 2. c4 e6 3. Nc3 Bb4 4. g4 $5 {Le gambit Krasenkow} (4. Qc2 {La
grande ligne de cette variante Nimzo anglaise} O-O) 4... d6 {h6 est la grande
ligne} (4... h6 5. Rg1 b6 6. Qc2 Bb7 7. a3 Bxc3 8. Qxc3 d6 9. h4 e5 10. g5 hxg5
11. hxg5 Nfd7 12. d4 Nc6 13. d5 Ne7 14. b4 Ng6 15. e4 c5 16. b5 a5 17. Be3 Qe7
18. O-O-O O-O-O 19. Qd2 {1/2-1/2 (19) Popov,V (2555)-Tomashevsky,E (2745)
Jurmala 2015}) (4... O-O 5. g5 Ne8 6. Rg1 $14 {Morozevich,A (2732)-Papaioannou,
I (2625) WchT 7th Bursa 2010 (2.2) 0-1}) (4... Bxc3 5. dxc3 d6 6. g5 Nfd7 7.
Bg2 $14 {[%csl Gc1,Gg2];Nepomniachtchi,I (2613)-Turov,M (2561) RUS-ch Higher
League 60th 2007 (10) 0-1}) 5. g5 Nfd7 (5... Nh5 $13) (5... Bxc3 6. dxc3 Nfd7
7. h4 {Fontaine,R (2546)-Delchev,A (2632) Benidorm Master op 5th rapid 2008 (4)
0-1}) 6. Qc2 $5 {[%cal Ga2a3]} (6. h4 c5) 6... Nc6 {[%csl Gd4][%cal Ge6e5]} 7.
a3 Bxc3 8. Qxc3 e5 9. b4 {[%csl Re1] Les Blancs gagnent de l'espace et la
paire de B mais au risque d'un petit retard de développement de l'aile-roi}
O-O (9... Qe7 10. Bb2 Nb6 {Krasenkow,M (2655)-Bogdanovski,V (2515) Elista ol 
(Men) 33rd 1998 (6.1) 0-1} (10... h6 $5)) (9... a5 10. b5 Ne7 11. d4 $1) (9...
b6) (9... f6) 10. Bb2 Nb6 $1 $146 {[%cal Gb6a4,Ga4b2,Ga4c3]} (10... f6 11. h4
Qe7 12. Bg2 Nb6 13. b5 Nd8 14. a4 Ne6 15. Rg1 Nf4 16. Bh1 Bf5 17. d3 Nd7 18.
Kd2 Rae8 19. Rg3 Bg6 20. Ne1 fxg5 21. hxg5 Nc5 22. Nc2 Nfxd3 23. exd3 Rxf2+ 24.
Ke1 Qf8 25. Bd5+ Kh8 26. Re3 Qf4 {0-1 (26) Bratanov,Z (2438)-Mchedlishvili,M 
(2550) Izmir 2002}) 11. b5 (11. a4 d5 $1 {[%cal Gd5d4]}) 11... Ne7 (11... Na4
12. Qc2 $1 (12. Qb3 Nc5)) 12. a4 {[%cal Ga4a5]} a6 $5 13. a5 Nd7 14. d4 {
[%cal Gc3g7]} axb5 15. cxb5 Nd5 $1 {Malgré la paire de B, les Blancs n'ont
pas obtenu grand-chose de l'ouverture et Nd5 pose des petits problèmes
concrets aux Blancs notamment du fait que le K Blanc tarde à roquer} 16. Qa3 (
16. Qb3) (16. Qc2 Re8 $132) (16. Qd3 e4 $1 (16... Re8 {[%cal Ge5e4]}) 17. Qxe4
c6 18. Bg2 Re8 $44 {[%csl Re1,Re4]}) 16... e4 17. Nd2 e3 $36 {[%csl Gd5]} 18.
Nf3 Re8 $1 {[%cal Ge8e3] Menace la prise ef2 qui libère la case "e3" pour les
pièces Noires} (18... exf2+ 19. Kxf2) 19. Bc1 {Surcontrole la case "e3" mais
au prix d'une nouvelle perte de temps} exf2+ 20. Kxf2 Nf8 $1 $17 {[%csl Rg5]
[%cal Gc8g4] Les pièces Noires sont bien coordonnées contrairement à celles
des Blancs} 21. Qd3 Bg4 (21... Ng6) 22. e4 $2 {Les Blancs perdent patience et
la pression du Nd5 était pénible mais c'est au prix d'un autre
affaiblissement.} (22. Rg1 $142 $1 {Gagne un tempo important tout en
surprotégeant g5}) 22... Nb4 23. Qc3 c5 24. dxc5 Bxf3 25. Kxf3 (25. Qxf3 dxc5
26. Be3 Ng6) 25... dxc5 26. Bc4 Ne6 27. Bxe6 {Les Blancs espèrent amoindrir
la pression en simplifiant mais la R Noire va aussi s'activer.} Rxe6 $36 {
[%csl Ge6]} 28. Bf4 (28. Bb2 Qxg5 29. Rhg1 {[%cal Gg1g7]} Qh5+ 30. Kf2 f6 $3 {
[%cal Ga8f8,Gf8f2]}) 28... Rxe4 $1 29. Kxe4 Qd5+ 30. Ke3 Re8+ 31. Kf2 Nd3+ 32.
Kg3 Re2 $19 33. Rhg1 Nxf4 34. Kxf4 Qe4+ 35. Kg3 Re3+ 36. Qxe3 Qxe3+ {La
position n'est pas si claire car si les Blancs menacent la poussée a6 et la Q
Noire manque de soutien dans l'attaque} 37. Kh4 Qd4+ 38. Kg3 Qd3+ 39. Kf2 Qd2+
40. Kg3 Qd3+ 41. Kf2 Qc2+ 42. Ke3 Qb3+ 43. Kf2 Qb2+ (43... Qxb5 44. Rab1 Qxa5
45. Rxb7 Qd2+) 44. Ke3 Qxb5 45. Rgb1 Qe8+ 46. Kf4 Qd7 $13 {[%cal Gd7b7] Les
Blancs ont réussi à lier les R mais la position exposée du K Blanc donne
des ressources tactiques à l'ukrainien.} 47. Rd1 Qc7+ 48. Ke4 g6 {[%csl Gg8]
[%cal Gc5c4] Une précaution indispensable avant de jouer pour le gain} 49. Kd5
$5 {[%cal Gd5c4,Gc4b5]} c4 $1 {[%csl Rd5][%cal Gc7c6] Empêche les Blancs de
jouer Kc4 pour tenter de trouver un abri} 50. Rdc1 c3 51. Rc2 Qc6+ 52. Kd4 Qd6+
53. Kc4 (53. Kxc3 Qe5+ 54. Kb3 Qxg5 {[%csl Gf7][%cal Gf7f1]}) 53... Qf4+ 54.
Kb3 Qxg5 {[%cal Gf7f1]} 55. Ra3 Qc5 56. Rxc3 Qb5+ 57. Kc2 Qe2+ 58. Kb3 Qxh2 $1
{[%csl Gg8][%cal Gh7h5] Le P 'h" sera plus facile à pousser que le P "f"} 59.
Rc4 Qe5 (59... h5 60. a6 bxa6 61. Rxa6 h4 62. Ra8+ Kg7 $19) 60. Rb4 Qd5+ {
[%cal Gd5b3,Gd5b7]} 61. Ka4 Qc6+ $1 (61... h5 $143 62. Rab3 {Par rapport à la
partie, la R n'est pas clouée} h4 (62... Kg7 63. Rxb7 {[%cal Ga5a6]} h4 64. a6
$13) 63. Rxh4) 62. Rb5 {[%csl Rb5][%cal Gc6a4]} h5 $1 63. Rab3 h4 64. Ka3 h3 {
[%csl Rb5]} 65. Rxb7 h2 66. Rb1 h1=Q 67. Rxh1 Qxh1 68. Ka4 Qc6+ 0-1

[Event "Paris Apsap op 103rd"]
[Site "Paris"]
[Date "2008.08.11"]
[Round "9"]
[White "Goldsztejn, Gildas"]
[Black "Camus de Solliers, Guillaume"]
[Result "1-0"]
[WhiteElo "2374"]
[BlackElo "2319"]
[Annotator "Primel,D"]
[PlyCount "111"]
[EventDate "2008.08.06"]
[EventType "swiss"]
[EventRounds "9"]
[EventCountry "FRA"]
[SourceTitle "EXT 2010"]
[Source "ChessBase"]
[SourceDate "2010.11.25"]
[SourceVersion "1"]
[SourceVersionDate "2010.11.25"]
[SourceQuality "1"]

1. Nf3 Nf6 2. c4 e6 3. Nc3 Bb4 4. Qc2 (4. g4 $5 {Une idée de KRASENKOW} h6 5.
Qc2 b6 {Krasenkow,M (2651)-Spoelman,W (2414) Corus-C Wijk aan Zee 2007 (3) 1-0}
) 4... O-O 5. a3 Bxc3 6. Qxc3 c5 (6... b6 {La ligne principale} 7. b4 Bb7 8.
Bb2 d6 {Jakovenko,D (2720)-Rozentalis,E (2567) FRA Cup finale 2008 (1.1) 1-0})
7. d3 {d3 est généralement joué plus tard mais c'est une simple interversion
de coups.} (7. b4 $142 {[%cal Gc1b2,Gc3g7]} b6 8. Bb2 Bb7 9. g3 (9. e3 $5 d6
10. Be2 Nbd7 11. O-O Qe7 {[%cal Ge6e5]} 12. d3 e5 $1 {les blancs n'ont pas de
N visant la case "d5" et fermer la diagonale du Bb2 donne assez de contre-jeu
aux noirs.} 13. Nd2 (13. Rfe1) 13... d5 $132 {Ree,H-Euwe,M Amsterdam
Seniors-Juniors 1973 (1) 0-1}) 9... d6 10. Bg2 Nbd7 11. O-O Rc8 (11... Qe7 12.
d3 Rac8) 12. d3 Qe7 13. e4 Rfd8 14. b5 {[%csl Gc6]} d5 15. Rae1 d4 $6 {enferme
le Bb2 mais la fermeture du centre va permettre aux blancs d'attaquer а
l'aile-roi} 16. Qc2 Nf8 17. Bc1 $1 {[%cal Gc1g5]} N6d7 18. Ng5 f6 19. Nh3 Ne5
20. f4 $14 {[%csl Rb7];Psakhis,L (2565)-Rozentalis,E (2645) EU-Cup final 1997 
(1) 1/2}) (7. g3 b6 8. Bg2 Bb7 9. O-O d5 10. d3 $14) 7... d6 8. g3 (8. g4 $5
$146 {mériterait peut-être un essai pratique dans l'esprit de la variante
KRASENKOW car après le 00, les blancs doivent avoir de l'attaque sur la case
faible "g7"} Nxg4 (8... h6 9. g5 $14) 9. Rg1 {[%csl Rg7][%cal Gc3g7,Gg1g7]} f5
10. h3 (10. Bg5 Qc7 (10... Qe8 $143 $6 11. h3 Nf6 12. Bxf6) 11. b4 $1 {[%cal
Gb4c5] l'idée est d'éliminer le défenseur de la case "e5"} (11. h3 $143 Ne5)
11... Nd7 12. h3 Nge5 13. Bh6 Rf7 14. Ng5 Re7 15. Bxg7 $3 Rxg7 16. Nxe6 {
[%csl Rc7,Rg7][%cal Ge6g7,Ge6c7]}) 10... Nf6 11. Bh6 Rf7 12. O-O-O $32 (12. b4
Nc6 13. bxc5 dxc5 14. Ne5 Nxe5 15. Qxe5 Qa5+ 16. Bd2 Qb6) 12... Nc6 {[%csl Gd4]
}) 8... b6 9. Bg2 Bb7 10. O-O Nbd7 11. b4 Qe7 (11... Rc8 $142 {Plus souple
pour laisser ensuite l'option de jouer Qc7 ou Qe7} 12. Bb2 Re8 {Kasparov,G 
(2800)-Karpov,A (2730) World Championship 35th-KK5 1990 (24) 1/2}) 12. Bb2 Rfc8
$5 (12... Rac8 {l'alternative mais il vaut mieux jouer Rfc8 car souvent les
blancs poussent b4b5 pour affaiblir les cases "c6" et "a6" et les noirs ont
alors la possibilité d'ouvrir la colonne "a" par "a7a6"} 13. e4 Rfd8 14. b5 d5
15. exd5 exd5 {Psakhis,L (2565)-Rozentalis,E (2645) EU-Cup final 1997 (1) 1/2})
13. b5 (13. Qd2) 13... a6 {Justifiant Rfc8} 14. a4 a5 $2 $146 {[%csl Ra8] Les
noirs vont manquer d'espace après cette nouveauté douteuse les R noires sont
maintenant trés mal placées} (14... axb5 $142 {Zakharstov,V (2450)-Tunik,G 
(2470) RUS-ch sf Krasnodar 1998 1/2}) 15. e4 $1 $14 {[%csl Rb7] Après les R,
c'est maintenant le Bb7 qui ne joue plus} d5 16. e5 (16. exd5 $5 exd5 17. Rfe1
Qf8) 16... d4 17. Nxd4 $1 {[%cal Gg2b7] la petite combinaison est rendue
possible par la mauvaise position des pièces noires.} Nxe5 (17... cxd4 $143 18.
Qxd4 Bxg2 19. exf6 $16) 18. Nf5 $2 (18. Nxe6 $142 $16 {[%cal Gc3e5] Gagne un P!
}) 18... exf5 19. Qxe5 Qxe5 20. Bxe5 Bxg2 21. Kxg2 Nd7 $11 22. Bd6 Nf8 23. d4
$1 cxd4 24. c5 $1 Rxc5 $5 25. Bxc5 bxc5 $44 {[%csl Gd4]} 26. Rfc1 (26. b6) (26.
Rab1 {[%cal Gb5b8]}) 26... Ne6 27. Rab1 {[%csl Gb5][%cal Gb5b8]} Kf8 28. b6 Ke7
29. Rb5 Kd6 30. Rcb1 d3 $2 (30... Nd8) 31. Rxa5 $3 Rb8 32. Kf3 c4 33. Ke3 Nc5
34. f3 {[%csl Ge4]} (34. b7 Nxb7 35. Ra7 $40 {[%cal Ga7f7]}) 34... Kc6 35. b7
Re8+ (35... Nb3 {[%csl Gd4]} 36. Rxb3 $1 cxb3 37. Rb5 $16) 36. Kd4 Nb3+ 37. Kc3
d2 $2 $138 38. Ra8 $2 (38. Rb5 $18) 38... Re3+ 39. Kxc4 Kxb7 40. Rd8 Kc7 41.
Rxb3 Rxb3 42. Kxb3 Kxd8 43. Kc2 $18 Kc7 44. Kxd2 Kb6 45. Kc3 Kc5 46. f4 f6 47.
h4 g6 48. Kb3 h6 49. Kc3 g5 50. h5 g4 51. Kb3 Kd4 52. a5 Ke3 53. a6 Kf2 54. a7
Kxg3 55. a8=Q Kh2 56. Qf8 1-0

[Event "Rohde op 12th"]
[Site "Sautron"]
[Date "2012.11.03"]
[Round "9"]
[White "Zubarev, Alexander2"]
[Black "Le Roux, Jean Pierre"]
[Result "1/2-1/2"]
[WhiteElo "2583"]
[BlackElo "2563"]
[Annotator "Primel,D"]
[PlyCount "69"]
[EventDate "2012.10.27"]
[EventType "swiss"]
[EventRounds "9"]
[EventCountry "FRA"]
[SourceTitle "EXT 2014"]
[Source "ChessBase"]
[SourceDate "2013.11.20"]
[SourceVersion "1"]
[SourceVersionDate "2013.11.20"]
[SourceQuality "1"]
[TimeControl "40/5400+30:1800+30"]
[WhiteClock "1:30:00"]
[BlackClock "1:30:00"]

1. Nf3 {[%emt 0:00:00]} Nf6 {[%emt 0:07:44]} 2. c4 {[%emt 0:00:00]} e6 {
[%emt 0:02:15]} (2... b6 3. g3 Bb7 4. Bg2 c5 5. O-O g6 {Conduit а la variante
hérisson}) 3. Nc3 {[%emt 0:04:38]} Bb4 {[%emt 0:01:44] La variante Nimzo
anglaise} 4. Qc2 {[%emt 0:00:16][%cal Gc2c3,Ga2a3,Gb2b4,Gc1b2]} (4. g4 $5) 4...
c5 {[%emt 0:00:10] Garde la paire de B} (4... O-O {La grande ligne} 5. a3 Bxc3
6. Qxc3 b6 7. b4 Bb7 8. Bb2 $14) 5. a3 {[%emt 0:05:39]} Ba5 {[%emt 0:03:10]} 6.
e3 {[%emt 0:05:40]} (6. g3 {L'alternative} Nc6 7. Bg2 O-O 8. O-O d6) 6... d5 {
[%emt 0:11:35] Pas trop dans l'esprit de la variante} (6... Nc6 7. Be2 O-O 8.
O-O Bb6 9. Rb1 d5 10. b4 cxb4 11. axb4 dxc4 12. Ba3 Bd7 13. Na4 Rc8 14. b5 Na5
15. Bxf8 Qxf8 16. Ne5 Bc7 17. Nxd7 Nxd7 18. d3 cxd3 19. Qxd3 Nf6 20. Bf3 b6 21.
Rfd1 {Bu Xiangzhi (2644)-Romanishin,O (2572)/Bad Woerishofen 2007/EXT 2008/1-0
(34)}) (6... O-O $142 {Plus souple} 7. d4 (7. Be2 Nc6 8. O-O) 7... d6 8. Be2
Nbd7 9. O-O Qe7 10. b3 Bxc3 11. Qxc3 b6 12. Bb2 Ne4 13. Qc2 f5 14. Nd2 ({RR} 
14. Ne1) 14... Bb7 15. f3 Nxd2 16. Qxd2 e5 17. f4 exd4 18. exd4 Rae8) 7. Na4 $5
{[%emt 0:07:59] Reprenant une vieille idée de Smyslov} dxc4 $146 {[%emt 0:20:
07]} ({RR} 7... b6 8. Rb1 Na6 ({RR} 8... b5 9. cxb5 c4 10. b3 cxb3 11. Rxb3 O-O
12. Bb2 Ne4 13. Be2 Nd7 14. O-O Bb7 15. Ba1 Rc8 16. Qb2 Ndf6 17. d3 Nc5 18.
Nxc5 Rxc5 19. Qb1 Bb6 20. Bd4 Rc8 21. Rc1 Qd6 22. Rbc3 Nd7 23. Rxc8 {Tal,M 
(2525)-Romero,M (2240)/Seville 1992/CBM 029/[Ribli]/1-0 (34)}) 9. cxd5 Nxd5 10.
Bb5+ Kf8 11. O-O Bb7 12. d4 Rc8 13. dxc5 Nxc5 14. Nxc5 bxc5 15. Rd1 Qc7 16. Bd2
Nf6 17. b4 Be4 18. Bd3 Bxf3 19. gxf3 cxb4 20. Qa4 Nd5 21. axb4 Bb6 22. Rbc1 {
Smyslov,V-Matanovic,A/Monte Carlo 1967/MCD/1-0 (55)}) 8. Bxc4 {[%emt 0:08:24]}
(8. Nxc5 O-O (8... Qc7 9. Qxc4) 9. Bxc4 {[%cal Gb2b4]}) 8... Nbd7 {[%emt 0:04:
52]} 9. Be2 {[%emt 0:02:44]} (9. O-O a6 {[%cal Gb7b5,Gc8b7]} 10. Be2 b5 11.
Nxc5 Nxc5 (11... Qc7 12. b4)) 9... Qe7 {[%emt 0:16:48]} 10. O-O {[%emt 0:08:15]
} O-O {[%emt 0:00:24]} 11. d4 {[%emt 0:01:55][%cal Gd4c5,Gb2b4]} (11. b4 $5
cxb4 12. Bb2 b5 13. axb4 (13. Bxb5 Bb7 14. axb4 Rac8) 13... Bxb4 14. Bxb5)
11... b6 {[%emt 0:04:38]} 12. dxc5 {[%emt 0:23:46]} (12. e4 {Plus actif malgré
la perte de temps} Bb7 13. e5 Nd5 14. Bg5 $14) 12... bxc5 {[%emt 0:00:32][%csl
Gc4]} 13. Bd2 {[%emt 0:00:08]} (13. b3 Bb7 14. Bb2 Rfd8 15. Rfd1 $11) (13. b4
cxb4 14. Bd2 Bb7 15. Qb3 {[%cal Gb3b7,Ga3b4]} Bd5) 13... Bxd2 {[%emt 0:02:00]}
14. Nxd2 {[%emt 0:00:06]} Bb7 {[%emt 0:00:36]} 15. Rac1 {[%emt 0:01:44][%csl
Rc5]} Rab8 {[%emt 0:02:20]} 16. Rfd1 {[%emt 0:02:46]} Bd5 {[%emt 0:01:46]} 17.
f3 {[%emt 0:03:16]} Rfc8 {[%emt 0:03:54]} 18. Ba6 {[%emt 0:00:56]} Rd8 {
[%emt 0:00:53]} 19. Be2 {[%emt 0:02:55]} (19. e4 Bc6 20. Nc4) 19... Rdc8 {
[%emt 0:00:43]} 20. e4 {[%emt 0:01:34]} Bc6 {[%emt 0:01:38]} 21. Nc3 {[%emt 0:
02:44]} (21. Nc4 $5) 21... Nb6 {[%emt 0:01:33]} 22. Nc4 {[%emt 0:01:05]} Nxc4 {
[%emt 0:02:38]} 23. Bxc4 {[%emt 0:00:02]} Nd7 $1 $11 {[%emt 0:00:17] Les Noirs
n'ont qu'une faiblesse assez facile а protéger} 24. Qf2 {[%emt 0:05:02]} h6 {
[%emt 0:00:22]} 25. Rd2 {[%emt 0:00:17]} a5 {[%emt 0:03:10][%csl Rb2]} 26. Rcd1
{[%emt 0:00:24]} a4 {[%emt 0:01:09]} 27. Qg3 {[%emt 0:04:21][%csl Gd6]} Nb6 {
[%emt 0:01:22]} 28. Ba6 {[%emt 0:02:11]} Rd8 {[%emt 0:00:41]} 29. Qe5 {[%emt 0:
01:11]} (29. Bf1) 29... c4 $132 {[%emt 0:02:02][%csl Ra6,Rb2]} 30. h3 {[%emt 0:
02:37]} Be8 {[%emt 0:01:06]} 31. Rxd8 {[%emt 0:00:42]} Rxd8 {[%emt 0:00:03]}
32. Rxd8 {[%emt 0:00:14]} Qxd8 {[%emt 0:00:03]} 33. Qc5 {[%emt 0:00:12]} Qb8 {
[%emt 0:02:08]} 34. Kf2 {[%emt 0:02:21]} Nd7 {[%emt 0:00:29]} 35. Qb5 {[%emt 0:
00:46]} 1/2-1/2